[Event "HUN-chT2 Charousek 0405"]
[Site "Hungary"]
[Date "2004.10.10"]
[Round "2"]
[White "Laczo, Geza"]
[Black "Csiszar, Zoltan"]
[Result "1/2-1/2"]
[WhiteElo "2187"]
[BlackElo "2225"]
[PlyCount "32"]
[EventDate "2004.09.26"]
[EventType "team-tourn"]
[EventRounds "11"]
[EventCountry "HUN"]
[SourceTitle "EXT 2008"]
[Source "ChessBase"]
[SourceDate "2007.11.25"]
[SourceVersion "1"]
[SourceVersionDate "2007.11.25"]
[SourceQuality "1"]
[WhiteTeam "Lenti"]
[BlackTeam "Csuti II"]
[WhiteTeamCountry "HUN"]
[BlackTeamCountry "HUN"]

1. e4 c6 2. d4 d5 3. exd5 cxd5 4. c4 Nf6 5. Nc3 e6 6. Nf3 Bb4 7. cxd5 Nxd5 8. Bd2 Nc6 9. Bd3 Be7 10. 0-0 0-0 11. a3 Bf6 12. Qe2 Nxc3 13. bxc3 g6 14. Qe4 e5 15. dxe5 Bf5 16. Qf4 Nxe5 1/2-1/2

[Event "HUN-chT2 Szechenyi 0304"]
[Site "Hungary"]
[Date "2003.11.16"]
[Round "3"]
[White "Gabor, Attila"]
[Black "Laczo, Geza"]
[Result "0-1"]
[WhiteElo "2085"]
[BlackElo "2214"]
[PlyCount "62"]
[EventDate "2003.09.28"]
[EventType "team-tourn"]
[EventRounds "11"]
[EventCountry "HUN"]
[SourceTitle "EXT 2009"]
[Source "ChessBase"]
[SourceDate "2008.11.26"]
[SourceVersion "1"]
[SourceVersionDate "2008.11.26"]
[SourceQuality "1"]
[WhiteTeam "Arboretum"]
[BlackTeam "Lenti"]
[WhiteTeamCountry "HUN"]
[BlackTeamCountry "HUN"]

1. e4 d5 2. exd5 Nf6 3. d4 Nxd5 4. Nf3 Bg4 5. Be2 e6 6. Nc3 Nxc3 7. bxc3 Be7 8. 0-0 0-0 9. Re1 Nd7 10. Bf4 Nf6 11. Ne5 Bxe2 12. Qxe2 Qd5 13. a4 c5 14. Be3 Rac8 15. c4 Qe4 16. f3 Qh4 17. g3 Qh3 18. c3 h6 19. Rad1 b6 20. d5 exd5 21. cxd5 Bd6 22. Nc4 Bb8 23. d6 Qd7 24. Qd3 Rcd8 25. Bf4 Qxa4 26. Be5 Nd7 27. Re4 b5 28. Nb6 Nxe5 29. Nxa4 Nxd3 30. Rxd3 bxa4 31. Rxa4 Rxd6 0-1

[Event "HUN-chT2 Charousek 0203"]
[Site "Hungary"]
[Date "2003.04.06"]
[Round "10.3"]
[White "Nemeth, Zoltan"]
[Black "Laczo, Geza"]
[Result "1-0"]
[WhiteElo "2341"]
[BlackElo "2230"]
[PlyCount "120"]
[EventDate "2002.09.22"]
[EventType "team-tourn"]
[EventRounds "11"]
[EventCountry "HUN"]
[SourceTitle "EXT 2004"]
[Source "ChessBase"]
[SourceDate "2003.11.25"]
[SourceVersion "1"]
[SourceVersionDate "2003.11.25"]
[SourceQuality "1"]
[WhiteTeam "Taban Spartacus"]
[BlackTeam "Lenti"]
[WhiteTeamCountry "HUN"]
[BlackTeamCountry "HUN"]

1. Nf3 d5 2. g3 c5 3. Bg2 Nf6 4. 0-0 e6 5. d4 Nc6 6. c4 Be7 7. cxd5 exd5 8. Nc3 0-0 9. dxc5 Bxc5 10. Bg5 d4 11. Bxf6 Qxf6 12. Nd5 Qd8 13. Nd2 Re8 14. Nb3 Bb6 15. Re1 Bg4 16. Nxb6 Qxb6 17. Bxc6 bxc6 18. Qxd4 Rxe2 19. Rxe2 Bxe2 20. Qxb6 axb6 21. Nd4 Bc4 22. Nxc6 Rxa2 23. Rxa2 Bxa2 24. Ne7+ Kf8 25. Nc8 b5 26. f4 Be6 27. Nd6 Bd7 28. Kf2 Ke7 29. Ne4 f5 30. Nc5 Bc6 31. Ke3 Kd6 32. Kd4 Bg2 33. Nd3 Bd5 34. Nb4 Be6 35. Nc2 g6 36. Ne1 Bd5 37. Nd3 Be4 38. Ne5 Bd5 39. Nd7 Bf7 40. Nf6 h6 41. b4 Bc4 42. g4 Be6 43. Ne8+ Kd7 44. gxf5 Bxf5 45. Nf6+ Kd6 46. h4 h5 47. Nh7 Bb1 48. Ng5 Bf5 49. Nf3 Bb1 50. Ng1 Bf5 51. Ne2 Bd7 52. Nc3 Bc6 53. Nd1 Bd7 54. Ne3 Bf5 55. Nd5 Bd7 56. Nf6 Bf5 57. Ne8+ Kd7 58. Ng7 Kd6 59. Ne8+ Kd7 60. Nf6+ Kd6 1-0

[Event "HUN-chT2 Charousek 0203"]
[Site "Hungary"]
[Date "2002.10.06"]
[Round "1.3"]
[White "Laczo, Geza"]
[Black "Portisch, Ferenc"]
[Result "1/2-1/2"]
[WhiteElo "2230"]
[BlackElo "2313"]
[PlyCount "54"]
[EventDate "2002.09.22"]
[EventType "team-tourn"]
[EventRounds "11"]
[EventCountry "HUN"]
[SourceTitle "EXT 2004"]
[Source "ChessBase"]
[SourceDate "2003.11.25"]
[SourceVersion "1"]
[SourceVersionDate "2003.11.25"]
[SourceQuality "1"]
[WhiteTeam "Lenti"]
[BlackTeam "Csuti Hydro II"]
[WhiteTeamCountry "HUN"]
[BlackTeamCountry "HUN"]

1. e4 e6 2. d3 d5 3. Nd2 Nc6 4. Ngf3 Nf6 5. Be2 dxe4 6. dxe4 e5 7. c3 a6 8. 0-0 Bc5 9. b4 Bb6 10. Qc2 0-0 11. Nc4 Bg4 12. Nfxe5 Nxe5 13. Nxe5 Bxe2 14. Qxe2 Qe7 15. Bf4 Qe6 16. Bg3 a5 17. a3 Rfe8 18. Kh1 Qb3 19. Qf3 axb4 20. axb4 Qc2 21. Rxa8 Rxa8 22. Nxf7 Nxe4 23. Nh6+ gxh6 24. Qg4+ Ng5 25. h4 Qe4 26. f4 Ra2 27. Bh2 Qe6 1/2-1/2

[Event "HUN-chT3 0102"]
[Site "Hungary"]
[Date "2002.01.27"]
[Round "6.3"]
[White "Laczo, Geza"]
[Black "Paksa, Rudolf"]
[Result "1-0"]
[WhiteElo "2230"]
[BlackElo "2206"]
[PlyCount "85"]
[EventDate "2001.09.30"]
[EventType "team-tourn"]
[EventRounds "11"]
[EventCountry "HUN"]
[SourceTitle "EXT 2004"]
[Source "ChessBase"]
[SourceDate "2003.11.25"]
[SourceVersion "1"]
[SourceVersionDate "2003.11.25"]
[SourceQuality "1"]

1. e4 e5 2. Nf3 Nc6 3. d4 exd4 4. c3 d3 5. Bxd3 d6 6. h3 Nf6 7. 0-0 Be7 8. Be3 0-0 9. Nbd2 h6 10. Nd4 Ne5 11. Bc2 c5 12. N4b3 b6 13. f4 Nc6 14. Qe2 Qc7 15. Rad1 a5 16. a4 Ba6 17. Bd3 Bxd3 18. Qxd3 Rfe8 19. Bf2 Bf8 20. Bh4 Be7 21. Bxf6 Bxf6 22. Nc4 Rad8 23. Nxd6 Re6 24. e5 Bxe5 25. fxe5 Nxe5 26. Nb5 Rxd3 27. Nxc7 Red6 28. Rxd3 Rxd3 29. Rf2 Nc4 30. Na8 Rd1+ 31. Rf1 Rd8 32. Nxb6 Nxb6 33. Nxc5 Rd2 34. b4 axb4 35. cxb4 Nd5 36. b5 Rc2 37. Nd3 Ra2 38. Rb1 Nc3 39. Rb3 Ra1+ 40. Kh2 Rxa4 41. b6 Ra8 42. b7 Rb8 43. Nc5 1-0

[Event "HUN-chT3 0001"]
[Site "Hungary"]
[Date "2001.02.25"]
[Round "7.3"]
[White "Majeric, Zoran"]
[Black "Laczo, Geza"]
[Result "1-0"]
[WhiteElo "2317"]
[BlackElo "2230"]
[PlyCount "96"]
[EventDate "2000.10.29"]
[EventType "team-tourn"]
[EventRounds "11"]
[EventCountry "HUN"]
[SourceTitle "EXT 2007"]
[Source "ChessBase"]
[SourceDate "2006.11.23"]
[SourceVersion "1"]
[SourceVersionDate "2006.11.23"]
[SourceQuality "1"]

1. e4 d5 2. exd5 Nf6 3. c4 c6 4. d4 cxd5 5. Nc3 e6 6. Nf3 Be7 7. c5 0-0 8. b4 Ne4 9. Nxe4 dxe4 10. Ne5 f6 11. Nc4 Nc6 12. Be3 f5 13. b5 Nb4 14. Qb3 Nd5 15. g3 f4 16. gxf4 Nxf4 17. 0-0-0 b6 18. Ne5 bxc5 19. Nc6 Qc7 20. Nxe7+ Qxe7 21. dxc5 a6 22. b6 Bb7 23. Bc4 Nd5 24. Bxd5 Bxd5 25. Rxd5 exd5 26. Qxd5+ Kh8 27. Rd1 h6 28. Qd6 Qf7 29. Qd5 Qe7 30. Qd7 Qe5 31. Bd4 Qf4+ 32. Kc2 Rf7 33. Qd5 Raf8 34. b7 Kh7 35. Be5 Qxf2+ 36. Rd2 Qf5 37. b8Q e3+ 38. Rd3 Qf2+ 39. Kb3 Rxb8+ 40. Bxb8 e2 41. Qe4+ g6 42. Rg3 Rg7 43. Re3 e1Q 44. Rxe1 Qxc5 45. Bg3 a5 46. Re3 Qb5+ 47. Kc2 a4 48. Rc3 Rb7 1-0

[Event "HUN-chT3 0001"]
[Site "Hungary"]
[Date "2001.02.04"]
[Round "6.3"]
[White "Laczo, Geza"]
[Black "Suranyi, Pal"]
[Result "1-0"]
[WhiteElo "2230"]
[BlackElo "2136"]
[PlyCount "63"]
[EventDate "2000.10.29"]
[EventType "team-tourn"]
[EventRounds "11"]
[EventCountry "HUN"]
[SourceTitle "EXT 2007"]
[Source "ChessBase"]
[SourceDate "2006.11.23"]
[SourceVersion "1"]
[SourceVersionDate "2006.11.23"]
[SourceQuality "1"]

1. e4 c5 2. Nf3 d6 3. c3 Nf6 4. Be2 Bd7 5. d3 Nc6 6. 0-0 g6 7. Re1 Bg7 8. Bf1 0-0 9. h3 e5 10. a3 Re8 11. b4 Qc7 12. Bg5 b5 13. Nbd2 a5 14. c4 axb4 15. cxb5 Nd4 16. Nxd4 exd4 17. a4 Be6 18. Qc2 Nd7 19. f4 c4 20. f5 gxf5 21. exf5 Bxf5 22. Rxe8+ Rxe8 23. Qxc4 Qb8 24. Qxb4 d5 25. Bh4 Bf8 26. Qb2 Qf4 27. Bf2 Re3 28. Nf3 Bxh3 29. Bxe3 dxe3 30. gxh3 e2 31. Qxe2 Bc5+ 32. Kh1 1-0

[Event "HUN-chT3 9900"]
[Site "Hungary"]
[Date "1999.11.14"]
[Round "4"]
[White "Szabo, Laszlo5"]
[Black "Laczo, Geza"]
[Result "1-0"]
[WhiteElo "2460"]
[BlackElo "2230"]
[PlyCount "73"]
[EventDate "1999.09.26"]
[EventType "team-tourn"]
[EventRounds "11"]
[EventCountry "HUN"]
[SourceTitle "EXT 2002"]
[Source "ChessBase"]
[SourceDate "2001.11.25"]
[SourceVersion "1"]
[SourceVersionDate "2001.11.25"]
[SourceQuality "1"]

1. e4 d5 2. exd5 Nf6 3. c4 c6 4. d4 cxd5 5. Nc3 e6 6. Nf3 Be7 7. cxd5 Nxd5 8. Bd3 Nc6 9. 0-0 0-0 10. Re1 Nf6 11. Bg5 b6 12. a3 Bb7 13. Bc2 Rc8 14. Qd3 g6 15. Bh6 Re8 16. Rad1 Nd5 17. Ne4 Ncb4 18. axb4 Nxb4 19. Qb3 Bd5 20. Qa4 Nxc2 21. Re2 b5 22. Qa6 Nb4 23. Qa1 Rc2 24. Re3 Rc6 25. Ne5 Ra6 26. Qb1 Qc8 27. Rc3 Qb7 28. Ng5 f5 29. h4 Na2 30. Qd3 Nxc3 31. bxc3 Bxg5 32. Bxg5 Be4 33. Qe3 Rc8 34. Bf6 Ra3 35. Qg5 f4 36. Be7 Rf8 37. Bxa3 1-0

[Event "HUN-chT3 9899"]
[Site "Hungary"]
[Date "1999.02.28"]
[Round "8"]
[White "Laczo, Geza"]
[Black "Bodo, Norbert"]
[Result "1-0"]
[WhiteElo "2230"]
[BlackElo "2256"]
[PlyCount "59"]
[EventDate "1998.09.??"]
[EventType "team-tourn"]
[EventRounds "11"]
[EventCountry "HUN"]
[SourceTitle "EXT 2001"]
[Source "ChessBase"]
[SourceDate "2000.11.22"]
[SourceVersion "1"]
[SourceVersionDate "2000.11.22"]
[SourceQuality "1"]

1. e4 c6 2. d4 d5 3. exd5 cxd5 4. c4 Nf6 5. Nc3 e6 6. Nf3 Bb4 7. cxd5 Nxd5 8. Bd2 Nc6 9. Bd3 Nf6 10. 0-0 0-0 11. Bg5 Be7 12. a3 h6 13. Be3 Re8 14. Qe2 Bd6 15. Rad1 a6 16. Bb1 Bd7 17. Qd3 Ne7 18. Ne5 Ned5 19. Bc1 Nxc3 20. bxc3 Ba4 21. Rde1 Bxe5 22. Rxe5 Qb6 23. Bf4 Rac8 24. Qg3 Kf8 25. Rfe1 Nd5 26. Bd2 Qb2 27. Bxh6 gxh6 28. Bh7 Nf6 29. Qh4 Ke7 30. Rf5 1-0

[Event "HUN-chT3"]
[Site "Hungary"]
[Date "1997.??.??"]
[Round "?"]
[White "Laczo, Geza"]
[Black "Lodi, Laszlo"]
[Result "1/2-1/2"]
[WhiteElo "2230"]
[BlackElo "2065"]
[PlyCount "56"]
[EventDate "1997.??.??"]
[EventType "team-tourn"]
[EventRounds "13"]
[EventCountry "HUN"]
[SourceTitle "EXT 2001"]
[Source "ChessBase"]
[SourceDate "2000.11.22"]
[SourceVersion "1"]
[SourceVersionDate "2000.11.22"]
[SourceQuality "1"]

1. e4 c6 2. d4 d5 3. exd5 cxd5 4. c4 Nf6 5. Nc3 Bf5 6. Qb3 Qc8 7. cxd5 e6 8. Bb5+ Nbd7 9. dxe6 Bxe6 10. d5 Bf5 11. Nf3 a6 12. Bxd7+ Qxd7 13. 0-0 Bd6 14. Re1+ Kf8 15. Bg5 Nh5 16. Ne4 Bxe4 17. Rxe4 h6 18. Bd2 Nf6 19. Rd4 a5 20. Rd1 Bc5 21. Rd3 Ng4 22. Be3 Nxe3 23. fxe3 a4 24. Qc2 Rc8 25. Qe2 g6 26. b4 Bd6 27. Qb2 Kg8 28. Ne5 Qe7 1/2-1/2

[Event "HUN-chT3"]
[Site "Hungary"]
[Date "1996.??.??"]
[Round "?"]
[White "Mutschler, Laszlo"]
[Black "Laczo, Geza"]
[Result "0-1"]
[WhiteElo "2165"]
[BlackElo "2230"]
[PlyCount "68"]
[EventDate "1996.??.??"]
[EventType "team-tourn"]
[EventRounds "9"]
[EventCountry "HUN"]
[SourceTitle "EXT 2001"]
[Source "ChessBase"]
[SourceDate "2000.11.22"]
[SourceVersion "1"]
[SourceVersionDate "2000.11.22"]
[SourceQuality "1"]

1. e4 d5 2. exd5 Nf6 3. d4 Nxd5 4. c4 Nb6 5. Nf3 g6 6. Nc3 Bg7 7. Bf4 0-0 8. Be2 Bg4 9. Nb5 Na6 10. Be5 Bxe5 11. Nxe5 Bxe2 12. Qxe2 c6 13. Nc3 Qxd4 14. Rd1 Qh4 15. 0-0 Rad8 16. Ne4 Qf4 17. Nd3 Qf5 18. Ng3 Qf6 19. Qg4 Qd4 20. Qg5 f6 21. Qh6 Qxc4 22. Nf4 Qf7 23. Qh3 e5 24. Ne6 Rxd1 25. Rxd1 Re8 26. Nd8 Qc7 27. Nxb7 Qxb7 28. Ne4 Qe7 29. Rd6 Rd8 30. Qb3+ Kg7 31. Rxc6 Qf7 32. Qxf7+ Kxf7 33. Rxf6+ Ke7 34. h4 Nc5 0-1

[Event "Gleisdorf-B"]
[Site "Gleisdorf"]
[Date "1989.??.??"]
[Round "?"]
[White "Laczo, Geza"]
[Black "Kogelnik"]
[Result "1/2-1/2"]
[WhiteElo "2235"]
[BlackElo "2125"]
[PlyCount "54"]
[EventDate "1989.??.??"]
[EventType "swiss"]
[EventRounds "9"]
[EventCountry "AUT"]
[SourceTitle "EXT 2004"]
[Source "ChessBase"]
[SourceDate "2003.11.25"]
[SourceVersion "1"]
[SourceVersionDate "2003.11.25"]
[SourceQuality "1"]

1. e4 c5 2. Nf3 e6 3. c3 Nf6 4. e5 Nd5 5. d4 cxd4 6. cxd4 d6 7. a3 a6 8. Bd3 Be7 9. 0-0 h6 10. Re1 Nd7 11. Qe2 dxe5 12. dxe5 Nc5 13. Bc2 Bd7 14. b4 Na4 15. Qd1 b5 16. Bb3 Nab6 17. Qd3 Rc8 18. Bb2 Qc7 19. Nbd2 Nf4 20. Qd4 g5 21. Rac1 Qb7 22. Rxc8+ Nxc8 23. Ne4 Bc6 24. Nd6+ Bxd6 25. exd6 Rf8 26. Ne5 Bd7 27. f3 Qb6 1/2-1/2